000 00327nam a2200133Ia 4500
008 191201s2008 xx 000 0 und d
082 _a510
_bBHD
100 _aBHASIN, Harsh
245 0 _aDiscrete Mathematical Structures
260 _aN.Delhi
_bVayu Edu. India
_c2008
300 _a218
650 _aB.Tech(CSE)
942 _2ddc
_cBK
999 _c458
_d458